中华人民共和国开国元帅、将军、上将 Founding Marshal, General, Admiral of PRC - Statistics

General Stats
  • This quiz has been taken 75 times
  • The average score is 19 of 77
Answer Stats
军衔 人名 % Correct
元帅 朱德
99%
元帅 彭德怀
96%
元帅 林彪
94%
元帅 聂荣臻
84%
元帅 叶剑英
84%
元帅 贺龙
82%
元帅 刘伯承
81%
元帅 徐向前
81%
元帅 陈毅
79%
大将 粟裕
75%
元帅 罗荣桓
67%
大将 陈赓
63%
上将 许世友
57%
上将 刘亚楼
40%
大将 徐海东
39%
大将 萧劲光
36%
大将 许光达
31%
上将 王震
31%
大将 黄克诚
30%
大将 罗瑞卿
27%
上将 肖克
27%
大将 张云逸
24%
上将 韩先楚
24%
上将 宋时轮
24%
上将 杨得志
24%
大将 谭政
21%
大将 王树声
21%
上将 韦国清
21%
上将 邓华
19%
上将 乌兰夫
19%
上将 杨成武
19%
上将 洪学智
18%
上将 叶飞
16%
上将 陈锡联
15%
上将 李克农
15%
上将 吕正操
15%
上将 黄永胜
13%
上将 肖华
13%
上将 张爱萍
13%
上将 董其武
12%
上将 杨勇
12%
上将 张宗逊
12%
上将 陈明仁
10%
上将 陈再道
10%
上将 宋任穷
10%
上将 谢富治
10%
上将 周士第
10%
上将 甘泗淇
7%
上将 李达
7%
上将 李天佑
7%
上将 刘震
7%
上将 赵尔陆
7%
上将 钟期光
7%
上将 陈奇涵
6%
上将 陈士榘
6%
上将 郭天民
6%
上将 贺炳炎
6%
上将 李聚奎
6%
上将 唐亮
6%
上将 陶峙岳
6%
上将 朱良才
6%
上将 陈伯钧
4%
上将 傅秋涛
4%
上将 傅钟
4%
上将 赖传珠
4%
上将 李涛
4%
上将 李志民
4%
上将 彭绍辉
4%
上将 苏振华
4%
上将 王宏坤
4%
上将 王建安
4%
上将 王平
4%
上将 王新亭
4%
上将 阎红彦
4%
上将 周纯全
4%
上将 周桓
4%
上将 杨至诚
3%
No matching quizzes found
Score Distribution
Percent of People with Each Score
Percentile by Number Answered
Your Score History
You have not taken this quiz